00788nam a2200217Ia 4500008004100000020001700041040001400058082002100072100004900093245005700142260003800199300001800237365002800255366000800283505002200291530003000313620009000343630005700433650002300490730005700513100315s9999 xx 000 0 und d a8176350575  cENGLISH  b9753 a005754  a"Baird, Sean, Besch, David, Darveau, Denis " aMCSE Training Guide : SQL Serever 6.5 Administration aNEW DELHI bTECHMEDIA  c1998  a"xvii,553  " eRupees d1 b425.00  f0  gVaibhav Gaikwad  bDonated By RBI Library   a"MCSE Training Guide : SQL Serever 6.5 Administration, Computer Science, RBI Book, " aMCSE Training Guide : SQL Serever 6.5 Administration aCOMPUTER SCIENCE  aMCSE Training Guide : SQL Serever 6.5 Administration